000 01249nam1a2200337 i 4500
001 RU\NLR\bibl\1380125
005 20260405193438.0
035 _a(NLR Aleph) 001372217
090 _a1048934
_c1048934
100 _a20090610g20089999u y0rusy50 ca
101 0 _arus
102 _aRU
105 _aa z |||||
200 1 _aСара
_fЭстер и Джерри Хикс (учение Абрахама)
_g[пер. с англ. В.Е. Венюковой
_gил. Caroline S. Garrett]
210 _aСанкт-Петербург
_cВесь
_d2008
215 _d21
225 1 _aЧеннелинг
463 0 _10011319180
463 0 _10011316584
463 0 _10011370694
606 _aЧеннелинг
_92524665
_3RU\NLR\auth\661495781
686 _aЭ391.93
700 1 _4070
_7ca
_8rus
_aХикс
_bЭ.
_cмедиум
_f1948-
_gЭстер
_929425
_3RU\NLR\auth\7746490
701 1 _4070
_7ca
_8rus
_aХикс
_bД.
_cмедиум
_gДжерри
_929421
_3RU\NLR\auth\7746486
702 1 _7ca
_8rus
_aГарретт
_bК. С.
_cхудожник
_gКаролина С.
_968159
_3RU\NLR\auth\7785231
801 0 _aRU
_bNLR
_c20090610
_gRCR
801 1 _aRU
_bNLR
_c20090610
852 _aNLR
_j2009-3/654
942 _cBOOK